000 00745 a2200181 4500
999 _c8832
_d8832
020 _a9780071799607 (pbk.)
020 _a0071799605 (pbk.)
050 0 0 _aKF390.5 GLE 2014
100 1 _aGilmore, Glen,
_eauthor.
245 1 0 _aSocial media law for business :
_ba practical guide for using Facebook, Twitter, Google+, and blogs without stepping on legal landmines /
_cGlen Gilmore, ESQ.
264 1 _aNew York :
_bMcGraw-Hill Education,
_c[2015]
300 _aviii, 262 pages ;
500 _aIncludes index
504 _aIncludes bibliographical references (pages 245-254)
650 0 _aSocial media
_xLaw and legislation
942 _2lcc
_cBK
_h390.5
_iGLE
_kKF